|
|
|
|
| LEADER |
00000nab#a22000007a#4500 |
| 001 |
arbauad004703 |
| 003 |
AR-BaUAD |
| 005 |
20250711110645.0 |
| 008 |
940711|||||||||###||||||b###|0###a|spa|| |
| 040 |
|
|
|a AR-BaUAD
|c AR-BaUAD
|b spa
|
| 245 |
1 |
0 |
|a Un análisis de implantación de torres
|
| 300 |
0 |
|
|b gráf.
|
| 653 |
|
|
|a CONSTRUCCION EN TORRE
|
| 653 |
|
|
|a EDIFICIOS DE OFICINAS
|
| 653 |
|
|
|a EDIFICIOS DE VIVIENDAS
|
| 653 |
|
|
|a LIER-PULICE-TONCONOGY
|
| 653 |
|
|
|a LIER, RAUL
|
| 653 |
|
|
|a PULICE, OSCAR
|
| 653 |
|
|
|a TONCONOGY, ALBERTO
|
| 653 |
|
|
|a URUGUAY
|
| 653 |
|
|
|a PUNTA DEL ESTE
|
| 653 |
|
|
|a GALERIAS COMERCIALES
|
| 653 |
|
|
|a AVENIDA DEL LIBERTADOR Y OCAMPO
|
| 773 |
0 |
|
|t SUMMA
|g no. 149 [mayo 1980], p. 33-35
|
| 942 |
|
|
|c ARTI
|
| 952 |
|
|
|0 0
|1 0
|4 0
|7 0
|9 49623
|a AR-BAuAD
|b AR-BAuAD
|d 2025-07-11
|l 0
|p AAQA004703
|r 2025-07-11 11:06:45
|w 2025-07-11
|y ARTI
|
| 990 |
|
|
|a AQ198
|b TD
|
| 998 |
|
|
|a AAQ
|b BIBUN76
|
| 999 |
|
|
|c 29296
|d 29296
|